Paper Lodge (Record no. 116460)

MARC details
000 -LEADER
fixed length control field 00385nam a2200121Ia 4500
008 - FIXED-LENGTH DATA ELEMENTS--GENERAL INFORMATION
fixed length control field 211119s9999||||xx |||||||||||||| ||und||
082 ## - DEWEY DECIMAL CLASSIFICATION NUMBER
Classification number 894.8123
Item number CHA-P
100 ## - MAIN ENTRY--PERSONAL NAME
Personal name Chandroth, Susmesh
245 #0 - TITLE STATEMENT
Title Paper Lodge
260 ## - PUBLICATION, DISTRIBUTION, ETC.
Name of publisher, distributor, etc. Mathrubhumi Books
Place of publication, distribution, etc. 2012
Date of publication, distribution, etc. Kottayam
650 ## - SUBJECT ADDED ENTRY--TOPICAL TERM
Topical term or geographic name entry element Malayalam Literature
942 ## - ADDED ENTRY ELEMENTS (KOHA)
Koha item type BOOK
650 ## - SUBJECT ADDED ENTRY--TOPICAL TERM
Form subdivision Malayalam FictionMalayalam NovelsShort StoriesMalayalam
General subdivision General Stack
Holdings
Withdrawn status Lost status Damaged status Not for loan Home library Current library Date acquired Cost, normal purchase price Total Checkouts Full call number Barcode Shelving location Date last seen Date last checked out Price effective from Koha item type
        SB LIBRARY SB LIBRARY 19/11/2021 220.00 2 894.8123 CHA-P 00129932 GENERAL STACK 10/01/2024 05/01/2024 19/11/2021 BOOK

Powered by Koha